Real Men - Mitski - Statistics

General Stats
  • This quiz has been taken 96 times
  • The average score is 143 of 188
Answer Stats
Lyrics: % Correct
do
100%
Do
100%
don't
100%
men
100%
Real
100%
real
100%
a
98%
me
98%
me,
98%
And
96%
and
96%
I
96%
"I
96%
in
94%
it
91%
it,
91%
you
91%
I'm
89%
Oh,
85%
eat,
83%
Go
83%
go
83%
can
81%
look
81%
man
81%
be
80%
get
80%
of
80%
the
80%
your
80%
naked
78%
So
78%
so
78%
when
78%
down
76%
front
76%
need
76%
that!"
76%
that,
76%
they
76%
up
76%
good"
74%
good
74%
is
74%
suck
74%
think
74%
all
72%
boy
72%
boy,
72%
girl,
72%
Little
72%
little
72%
cry
70%
looking
70%
people
70%
tell
70%
wanna
70%
'cause
69%
'Cause
69%
other
69%
public
69%
sir,
69%
you're
69%
done
67%
"Well
67%
above
65%
damn
65%
for
65%
For
65%
honestly
65%
say,
63%
say
63%
want
63%
bleed
61%
boys
61%
my
61%
or
61%
they're
61%
are
59%
gonna
59%
fire
57%
flinch
57%
take
57%
toys
56%
around
52%
comfort
52%
see
52%
what
50%
with
50%
always
48%
face
48%
But
46%
being
44%
love
44%
ship
44%
give
43%
Though
41%
keep
37%
cool
35%
feel
31%
hold
31%
make
31%
lovely
28%
ahead
26%
color
26%
while
24%
can't
19%
Praise
6%
No matching quizzes found
Score Distribution
Percent of People with Each Score
Percentile by Number Answered
Your Score History
You have not taken this quiz